00453 a2200169 450000100060000002000150000604000240002110000180004524000240006324500190008730000090010636200090011565000310012494200070015595201040016299900170026671022 a8504008886 cAnchieta - Itaigara aPossolo, Hugo10aO bricabraquelpor10aO bricabraque a32p.0 a2005 4aLiteratura infanto-juvenil cBK 00104070a88.1b88.1d2023-11-21l0o028.5 POS BRIp5086/ITAr2023-11-21 20:06:19w2023-11-21yBK c71022d71022